Estatísticas para Quiz do Nepal

Clique aqui para jogar o quiz

Estatísticas Gerais

  • Esse quiz foi jogado 19 vezes
  • A pontuação média é 6 de 15

Estatísticas das Respostas

PerguntaResposta% Correto
Continente em que está localizadoÁsia
94%
País com que o Nepal faz fronteiraChina
94%
País com que o Nepal faz fronteiraÍndia
94%
Capital do NepalKatmandu
88%
Maior montanha do mundoMonte Everest / Sagarmãthã / Chomolungma
76%
Conjunto de montanhas ao norte do NepalHimalaia
71%
Acima de _.___ metros, o ar é muito rarefeito, então os alpinistas usam tambores de oxigênio8.000
53%
Criatura Lendária que vive no HimalaiaYeti
47%
Idioma principalNepali
24%
Acima da altitude de _.___ metros a neve nunca derrete no himalaia4.800
6%
Primeiros homens a escalar o Monte Everest, em 1953Edmund Hillary
0%
Homem que escalou o Monte Everest com menos equipamentos no mundoKílian Jornet
0%
Primeiros homens a escalar o Monte Everest no invernoKrzysztof Wielicki
0%
Primeiros homens a escalar o Monte Everest no invernoLeszek Cichy
0%
Primeiros homens a escalar o Monte Everest, em 1953Tenzing Norgay
0%

Distribuição das Pontuações

Percentil de Números Respondidos

Porcentagem de Pessoas com Cada Pontuação

Sua Pontuação Histórica

Você não jogou esse quiz